000 00577nam a22001817a 4500
999 _c12442
_d12442
003 AR-CdUCM
008 190408b ||||| |||| 00| 0 spa d
040 _aMUNICIPALIDAD PROVINCIAL DEL CUSCO
_cBIBLIOTECA MUNICIPAL DEL CUSCO
082 _a465 /
_bP31 / 1925
245 _aReal academia española /
260 _aMadrid :
_bReal academia española,
_c1925.
300 _a1275 paginas ;
_c30 cm.
505 _aContenido : Diccionario de la lengua española /
650 _aLiteratura
_983
650 _aDiccionario
_95196
942 _2ddc
_cLIBROS
945 _arjall
_d2019-04-08